1304 1309 1752 1664 1940 1333 1140 1076 1308 1737 1307 1436 1949 1645 1828 1127 1738 1299 1233 1343 1550 1413 1255 1939 1438 1732 1575 1052 1451 1652 1104 1410 1215 1331 1674 1621 1350 1915 1523 1169 1528 1706 1069 1626 1455 1799 1056 1402 1920 1720 1407 1817 1375 1364 1583 1858 1434 1213 1322 1024 1116 1337 1032 1444 1472 1544 1505 1638 1091 1777 1534 1785 1198 1472 1837 1297 1319 1126 1374 1303 1735 1727 1208 1118 1365 1974 1530 1867 1757 1248 1836 1547 1180 1507 1244 1402 1658 1217 1492 BCNSPRNW ULIB Ver.6.0+V

เปลี่ยนเป็นภาษาไทย

Change to English
 แสดงรายละเอียดบรรณานุกรม
  กลับหน้าหลัก

Brief Record : Get Marc (ISO 2709) : E-mail record : QR code < ปิดหน้าต่าง
LEADER : 00000nam 2200000uu 4500
001    13399115271
003     ULIB
008    120809s2553||||th 000 0 tha d
020    ^a9789743483332
060  4 ^aWY18.2^bพ953ท
110 1  ^aเพื่อนช่วยจำ
245 00 ^aทบทวนการผดุงครรภ์ MWR=^bMidwifery Review,^cเพื่อนช่วยจำ
246 0  ^aMidwifery Review
260    ^aกรุงเทพฯ:^bเพื่อนช่วยจำ,^c2553
300    ^a216 หน้า
650  7 ^aการผดงครรภ์
650  7 ^aข้อสอบทบทวน
710 1  ^aเพื่อนช่วยจำ
945    ^p199^l0^i032189
945    ^p199^l0^i032188
945    ^p199^l0^i032186
945    ^p199^l0^i032185
945    ^p199^l0^i032184
945    ^p199^l0^i032183
945    ^p199^l0^i032187
945    ^p199^l0^i032182
995    ^aเกษร
999    ^aใช้งานได้ทุกระบบ
รายการนี้ยังไม่มีแท็ก
คุณยังไม่ได้ล็อกอิน คุณสามารถมีกิจกรรมร่วมกับเว็บไซต์ได้ แต่ต้องล็อกอินก่อน ::
  ล็อกอิน

รายการสื่อสารสนเทศ

ลำดับที่ ประเภท เลขเรียก/บาร์โค้ด สถานที่ สถานะ
- ไม่พบข้อมูล -

รายการใกล้เคียง
    หัวเรื่อง [การผดงครรภ์]
    หัวเรื่อง [ข้อสอบทบทวน]

BibComment


ยังไม่เคยถูกคอมเมนท์

คอมเมนท์ทรัพยากรรายการนี้
  คอมเมนท์: ทบทวนการผดุงครรภ..


 Copyright 2026. Bcnsprnw @Library